|
|
|
|
| LEADER |
00000nam0a2200000 4500 |
| 001 |
49193 |
| 005 |
20231101211206.0 |
| 010 |
|
|
|a 5868890736
|
| 035 |
|
|
|a (RuTPU)RU\TPU\book\51514
|
| 090 |
|
|
|a 49193
|
| 100 |
|
|
|a 20030326d2001 k y0rusy50 ca
|
| 101 |
0 |
|
|a rus
|
| 102 |
|
|
|a RU
|
| 105 |
|
|
|a y z 000zy
|
| 200 |
1 |
|
|a Проблема интеграции фундаментального и технологического знания
|f А. Д. Московченко
|g Томский государственный университет систем управления и радиоэлектроники ; под ред. В. А. Дмитриенко
|
| 210 |
|
|
|a Томск
|c Изд-во ТУСУР
|d 2001
|
| 215 |
|
|
|a 192 с.
|
| 316 |
|
|
|5 63413507: КР-7297
|a На титульном листе дарственная надпись: "Профессору Рихванову Леониду Петровичу от автора. Пусть крепнет наше космическое сотрудничество 15.03.03. А. Московченко"
|
| 317 |
|
|
|5 63413507: КР-7297
|a Поступил в НТБ в 2021 г. в дар от семьи профессора ТПУ Л. П. Рихванова
|
| 330 |
|
|
|a В монографии ставится и решается актуальная проблема интеграции научного знания в целом, его фундаментальных и технологических отраслей с учетом новейших открытий в области естество- и обществознания с выходом на образовательные технологии. Это первая философская монография, в которой использована методология русской космической мысли в целях интеграции научного знания конца XX века. Предложена система принципов интеграции, среди которых особенное место занимает принцип автотрофиости. Для специалистов в области логики и методологии науки, инженерии, образования, студентов и аспирантов технических и гуманитарных специальностей вузов.
|
| 606 |
1 |
|
|a Интеграция научного знания
|2 stltpush
|3 (RuTPU)RU\TPU\subj\12795
|9 39512
|
| 610 |
1 |
|
|a философия
|
| 610 |
1 |
|
|a наука
|
| 610 |
1 |
|
|a фундаментальное знание
|
| 610 |
1 |
|
|a технологическое знание
|
| 610 |
1 |
|
|a интеграция
|
| 610 |
1 |
|
|a научное знание
|
| 610 |
1 |
|
|a инженерно-техническое образование
|
| 610 |
1 |
|
|a автотрофность
|
| 610 |
1 |
|
|a Библиотека Л. П. Рихванова
|
| 610 |
1 |
|
|a дары автора
|
| 610 |
1 |
|
|a дарственные надписи
|
| 610 |
1 |
|
|a дары библиотеке
|
| 686 |
|
|
|a Ю251.23
|v LBC/SL-A
|2 rubbk
|
| 700 |
|
1 |
|a Московченко
|b А. Д.
|c российский философ
|c профессор Томского государственного университета систем управления и радиоэлектроники
|f 1944-
|g Александр Дмитриевич
|2 stltpush
|3 (RuTPU)RU\TPU\pers\12798
|
| 702 |
|
1 |
|a Дмитриенко
|b В. А.
|4 340
|
| 712 |
0 |
2 |
|a Томский государственный университет систем управления и радиоэлектроники
|2 stltpush
|3 (RuTPU)RU\TPU\col\422
|
| 801 |
|
1 |
|a RU
|b 63413507
|c 20030326
|g PSBO
|
| 801 |
|
2 |
|a RU
|b 63413507
|c 20220825
|g PSBO
|
| 942 |
|
|
|c BK
|